[Event "Dortmund ABC Serie Anfaenger-21"]
[Site "Dortmund"]
[Date "2004.05.07"]
[Round "4"]
[White "Beda, Titus"]
[Black "Rimm, Marco"]
[Result "0-1"]
[WhiteElo "1225"]
[BlackElo "1199"]
[PlyCount "50"]
[EventDate "2004.04.21"]
[EventType "tourn"]
[EventRounds "13"]
[EventCountry "GER"]
[SourceTitle "EXT 2006"]
[Source "ChessBase"]
[SourceDate "2005.11.24"]
[SourceVersion "1"]
[SourceVersionDate "2005.11.24"]
[SourceQuality "1"]

1. d4 d5 2. Bf4 Nc6 3. e3 e6 4. Bb5 Bd7 5. Bxc6 Bxc6 6. Ne2 Bd6 7. 0-0 Bxf4 8. Nxf4 Qh4 9. Nd2 Nf6 10. Nf3 Qg4 11. h3 Qf5 12. Nh4 Qg5 13. Nf3 Qh6 14. Ne5 0-0 15. Nxc6 bxc6 16. Qd3 Nh5 17. Nxh5 Qxh5 18. Qd1 Qh4 19. Qg4 Qe7 20. c3 f5 21. Qe2 Rf6 22. f4 Rg6 23. Qa6 Rb8 24. b3 Qh4 25. Kh2 Qg3+ 0-1

[Event "Dortmund ABC Serie Anfaenger-21"]
[Site "Dortmund"]
[Date "2004.04.24"]
[Round "2"]
[White "Beda, Titus"]
[Black "Bindig, Uwe"]
[Result "1-0"]
[WhiteElo "1225"]
[BlackElo "914"]
[PlyCount "142"]
[EventDate "2004.04.21"]
[EventType "tourn"]
[EventRounds "13"]
[EventCountry "GER"]
[SourceTitle "EXT 2006"]
[Source "ChessBase"]
[SourceDate "2005.11.24"]
[SourceVersion "1"]
[SourceVersionDate "2005.11.24"]
[SourceQuality "1"]

1. d4 d5 2. Bf4 Nf6 3. e3 Bg4 4. Be2 Bf5 5. h3 g6 6. Nf3 Bg7 7. Nbd2 0-0 8. 0-0 Nbd7 9. Ne5 Nb6 10. b3 e6 11. c4 c6 12. c5 Nbd7 13. f3 Nh5 14. g4 Nxf4 15. exf4 Nf6 16. b4 Qc7 17. Nb3 b6 18. Rc1 Rab8 19. Qd2 Rfc8 20. Kg2 Qe7 21. Ba6 Rc7 22. a4 Bh6 23. cxb6 Rxb6 24. g5 Bg7 25. gxf6 Qxf6 26. Nc5 Qe7 27. a5 Rb8 28. Ncd3 Bh6 29. Nxc6 Rxc6 30. Rxc6 Rd8 31. Rfc1 Kg7 32. Ne5 g5 33. Ng4 Bxg4 34. fxg4 gxf4 35. Kf3 Qh4 36. Qg2 Kg6 37. Bd3+ Kg7 38. Rc7 Rf8 39. Bf1 Re8 40. Bb5 Rd8 41. Rd7 Rb8 42. Rcc7 Rxb5 43. Rxf7+ Kg6 44. g5 Qxg5 45. Qxg5+ Kxg5 46. Rxh7 Bf8 47. h4+ Kg6 48. Kxf4 Bd6+ 49. Ke3 Bxc7 50. Rxc7 Rxb4 51. Rxa7 Rb3+ 52. Kf4 Kf6 53. Rh7 e5+ 54. dxe5+ Ke6 55. Rh6+ Ke7 56. a6 Ra3 57. Rh7+ Ke6 58. a7 Ra4+ 59. Kg5 Kxe5 60. Re7+ Kd6 61. Kf6 Rf4+ 62. Kg5 Ra4 63. Rf7 d4 64. h5 Ke6 65. Kg6 d3 66. h6 Rg4+ 67. Kh7 Kxf7 68. a8Q d2 69. Qf3+ Ke7 70. Qxg4 Kd6 71. Kg7 Kc5 1-0

[Event "Dortmund6"]
[Site "Dortmund"]
[Date "2003.11.29"]
[Round "13"]
[White "Beda, Titus"]
[Black "Collisy, Klaus Dieter"]
[Result "1-0"]
[WhiteElo "1220"]
[BlackElo "1228"]
[PlyCount "76"]
[EventDate "2003.10.01"]
[EventType "tourn"]
[EventRounds "13"]
[EventCountry "GER"]
[SourceTitle "EXT 2007"]
[Source "ChessBase"]
[SourceDate "2006.11.23"]
[SourceVersion "1"]
[SourceVersionDate "2006.11.23"]
[SourceQuality "1"]

1. d4 Nf6 2. Bf4 d5 3. e3 e6 4. h3 Be7 5. Nf3 0-0 6. Bd3 Nc6 7. Nbd2 Nb4 8. a3 Nxd3+ 9. cxd3 c5 10. dxc5 Bxc5 11. Bg5 Be7 12. 0-0 h6 13. Bf4 b6 14. Nb3 Re8 15. Nbd4 Bb7 16. Rc1 Rc8 17. Qd2 Bc5 18. Nb3 Bd6 19. Rxc8 Bxc8 20. Ne5 Bb7 21. Rc1 Nh5 22. Bh2 f6 23. Qe2 Bxe5 24. Bxe5 fxe5 25. Qxh5 Rf8 26. Qxe5 Rf6 27. Nd4 Qe8 28. Rc7 Ba6 29. Nf5 Qf8 30. Nxg7 Rxf2 31. Qxe6+ Kh8 32. Qxh6+ Kg8 33. Qg5 Rf1+ 34. Kh2 Qd6+ 35. g3 Bxd3 36. Nf5+ Kf8 37. Qg7+ Ke8 38. Nxd6+ Kd8 1-0

[Event "Dortmund6"]
[Site "Dortmund"]
[Date "2003.11.22"]
[Round "11"]
[White "Beda, Titus"]
[Black "Thiemig, Rolf"]
[Result "0-1"]
[WhiteElo "1220"]
[BlackElo "1270"]
[PlyCount "97"]
[EventDate "2003.10.01"]
[EventType "tourn"]
[EventRounds "13"]
[EventCountry "GER"]
[SourceTitle "EXT 2007"]
[Source "ChessBase"]
[SourceDate "2006.11.23"]
[SourceVersion "1"]
[SourceVersionDate "2006.11.23"]
[SourceQuality "1"]

1. d4 d5 2. Bf4 Nd7 3. e3 g6 4. c3 Bg7 5. Nf3 Ngf6 6. h3 0-0 7. Nbd2 h6 8. Bd3 c6 9. 0-0 Re8 10. Be5 Nxe5 11. Nxe5 Qc7 12. Qf3 Rf8 13. c4 e6 14. c5 Nh5 15. Ng4 e5 16. Bc2 exd4 17. exd4 Bxd4 18. Rab1 Bxc5 19. Nxh6+ Kh7 20. Ng4 Qf4 21. Qxf4 Nxf4 22. Rfe1 Bxg4 23. hxg4 Rae8 24. Kf1 Bb4 25. Rxe8 Rxe8 26. Nf3 Kg8 27. a3 Bd6 28. Re1 Rxe1+ 29. Nxe1 Be5 30. g3 Ne6 31. Nd3 Bd6 32. Ke2 g5 33. Ke3 f6 34. a4 a5 35. b3 b5 36. f4 bxa4 37. bxa4 c5 38. Kd2 c4 39. Ne1 gxf4 40. gxf4 Bxf4+ 41. Ke2 d4 42. Kf3 Bd2 43. Ke2 Bb4 44. Kf2 d3 45. Nxd3 cxd3 46. Bxd3 Bc5+ 47. Kg3 Kg7 48. Kf3 Kh6 49. Bc2 0-1

[Event "Dortmund6"]
[Site "Dortmund"]
[Date "2003.11.14"]
[Round "9"]
[White "Beda, Titus"]
[Black "Banken, Gerd"]
[Result "1/2-1/2"]
[WhiteElo "1220"]
[BlackElo "1231"]
[PlyCount "69"]
[EventDate "2003.10.01"]
[EventType "tourn"]
[EventRounds "13"]
[EventCountry "GER"]
[SourceTitle "EXT 2007"]
[Source "ChessBase"]
[SourceDate "2006.11.23"]
[SourceVersion "1"]
[SourceVersionDate "2006.11.23"]
[SourceQuality "1"]

1. Nf3 Nc6 2. d4 d5 3. h3 Nf6 4. Bf4 e6 5. e3 Bd6 6. Bg5 h6 7. Bxf6 Qxf6 8. Nbd2 a6 9. Bd3 e5 10. dxe5 Nxe5 11. Nxe5 Bxe5 12. c3 Bf5 13. Nf3 Bd6 14. Bxf5 Qxf5 15. Nd4 Qe4 16. 0-0 0-0 17. Qc2 Qxc2 18. Nxc2 c6 19. Nd4 g6 20. f4 f5 21. Nc2 Rae8 22. Kf2 Bc5 23. Rae1 b5 24. Nd4 Rf6 25. b4 Bb6 26. h4 h5 27. g3 a5 28. a3 a4 29. Re2 Kf7 30. Nc2 Rfe6 31. Rfe1 Rc8 32. Nd4 Re4 33. Kf3 Rce8 34. Rd2 Kf6 35. Rde2 1/2-1/2

[Event "Dortmund6"]
[Site "Dortmund"]
[Date "2003.10.18"]
[Round "4"]
[White "Ickler, Uwe"]
[Black "Beda, Titus"]
[Result "0-1"]
[WhiteElo "1229"]
[BlackElo "1220"]
[PlyCount "96"]
[EventDate "2003.10.01"]
[EventType "tourn"]
[EventRounds "13"]
[EventCountry "GER"]
[SourceTitle "EXT 2007"]
[Source "ChessBase"]
[SourceDate "2006.11.23"]
[SourceVersion "1"]
[SourceVersionDate "2006.11.23"]
[SourceQuality "1"]

1. c4 g6 2. Nc3 Bg7 3. Nf3 e6 4. d3 b6 5. Be3 Bb7 6. g3 Bxf3 7. exf3 Ne7 8. Bg2 Nf5 9. Qd2 Nxe3 10. Qxe3 Bxc3+ 11. bxc3 0-0 12. f4 c6 13. 0-0 Na6 14. d4 Re8 15. Rfd1 Nc7 16. Rd2 d5 17. cxd5 Nxd5 18. Bxd5 exd5 19. Qd3 Qd7 20. c4 Re7 21. cxd5 Qxd5 22. Qb3 Rd7 23. Qxd5 Rxd5 24. Rad1 Rad8 25. f3 c5 26. Kf2 c4 27. Rc2 b5 28. Rc3 Rxd4 29. Rxd4 Rxd4 30. Ke3 Rd7 31. a4 a6 32. axb5 axb5 33. Ke4 f5+ 34. Ke3 Kf7 35. g4 Ke6 36. h4 Kd5 37. h5 Kc5 38. gxf5 gxf5 39. Rc1 b4 40. Rg1 c3 41. Rg5 Rd5 42. Rg7 Kc4 43. Rxh7 c2 44. Rc7+ Kb3 45. h6 Kb2 46. h7 Rd8 47. h8Q+ Rxh8 48. Kd2 Rd8+ 0-1

[Event "Dortmund1"]
[Site "Dortmund"]
[Date "2003.05.21"]
[Round "11"]
[White "Beda, Titus"]
[Black "Rimm, Marco"]
[Result "1-0"]
[WhiteElo "1281"]
[BlackElo "1157"]
[PlyCount "121"]
[EventDate "2003.03.26"]
[EventType "tourn"]
[EventRounds "13"]
[EventCountry "GER"]
[SourceTitle "EXT 2007"]
[Source "ChessBase"]
[SourceDate "2006.11.23"]
[SourceVersion "1"]
[SourceVersionDate "2006.11.23"]
[SourceQuality "1"]

1. d4 d5 2. Bf4 e6 3. e3 Bd6 4. Nh3 Bxf4 5. Nxf4 Nf6 6. c4 0-0 7. Nc3 c6 8. c5 Nbd7 9. Be2 e5 10. dxe5 Nxe5 11. h3 Ned7 12. b4 Ne4 13. Nxe4 dxe4 14. Bc4 Qe7 15. Qd6 Qe5 16. Qxe5 Nxe5 17. Be2 Bf5 18. g4 Nd3+ 19. Bxd3 exd3 20. gxf5 d2+ 21. Kxd2 Rad8+ 22. Ke2 g5 23. fxg6 fxg6 24. Ne6 Rde8 25. Nxf8 Rxf8 26. Rhd1 Rf7 27. Rd8+ Kg7 28. Rad1 Kh6 29. R8d7 Rf5 30. e4 Rh5 31. R1d3 b6 32. cxb6 axb6 33. R7d6 Re5 34. Kf3 Rh5 35. Kf4 Rh4+ 36. Ke5 Rh5+ 37. Kf6 Rh4 38. Ke7 Rxe4+ 39. Kd7 Rxb4 40. Rxc6 Rb2 41. f4 Rxa2 42. Rxb6 Rf2 43. Rd4 Rf3 44. h4 Kh5 45. Ke6 Kxh4 46. f5+ Kh5 47. f6 Re3+ 48. Kf7 Rf3 49. Rb5+ g5 50. Kg7 Rxf6 51. Kxf6 h6 52. Ke5 g4 53. Kf4+ Kh4 54. Rb1 Kh5 55. Rh1+ Kg6 56. Kxg4 Kh7 57. Rd6 Kg7 58. Ra1 Kf7 59. Ra7+ Ke8 60. Kh5 Kf8 61. Rd8# 1-0

[Event "Dortmund1"]
[Site "Dortmund"]
[Date "2003.05.02"]
[Round "7"]
[White "Beda, Titus"]
[Black "Thiemig, Rolf"]
[Result "0-1"]
[WhiteElo "1281"]
[BlackElo "1259"]
[PlyCount "86"]
[EventDate "2003.03.26"]
[EventType "tourn"]
[EventRounds "13"]
[EventCountry "GER"]
[SourceTitle "EXT 2007"]
[Source "ChessBase"]
[SourceDate "2006.11.23"]
[SourceVersion "1"]
[SourceVersionDate "2006.11.23"]
[SourceQuality "1"]

1. d4 d5 2. Bf4 c6 3. a3 Nd7 4. e3 Ngf6 5. h3 e6 6. Bd3 Be7 7. Nf3 0-0 8. Bh2 h6 9. 0-0 Qb6 10. b4 a5 11. bxa5 Rxa5 12. Qc1 c5 13. c3 c4 14. Bc2 Qa6 15. Bc7 b6 16. Ne5 Nxe5 17. Bxe5 Bd7 18. Bxf6 Bxf6 19. Qd1 Be7 20. a4 b5 21. axb5 Bxb5 22. Nd2 Ra8 23. Rxa5 Qxa5 24. Nb1 Qa2 25. f4 Qb2 26. Rf2 Qa1 27. Re2 Ba4 28. Bxa4 Rxa4 29. Qc2 Ra3 30. Kf2 Rb3 31. Nd2 Rxc3 32. Qb1 Qxb1 33. Nxb1 Rd3 34. Rc2 g5 35. g3 gxf4 36. gxf4 Bh4+ 37. Ke2 Kg7 38. Nd2 Be7 39. Nf3 f6 40. Ne1 Rb3 41. Nf3 Rb1 42. Kf2 Bb4 43. Nh4 Be1+ 0-1

[Event "Dortmund1"]
[Site "Dortmund"]
[Date "2003.04.16"]
[Round "5"]
[White "Beda, Titus"]
[Black "Benz, Friedrich"]
[Result "0-1"]
[WhiteElo "1281"]
[BlackElo "1030"]
[PlyCount "36"]
[EventDate "2003.03.26"]
[EventType "tourn"]
[EventRounds "13"]
[EventCountry "GER"]
[SourceTitle "EXT 2007"]
[Source "ChessBase"]
[SourceDate "2006.11.23"]
[SourceVersion "1"]
[SourceVersionDate "2006.11.23"]
[SourceQuality "1"]

1. d4 Nf6 2. Bf4 d5 3. e3 a6 4. h3 Bf5 5. c4 c6 6. b4 e6 7. c5 Ne4 8. Nf3 a5 9. Qb3 Na6 10. Bxa6 Rxa6 11. Qb2 b6 12. Nc3 Nxc3 13. Qxc3 b5 14. Kd2 axb4 15. Qxb4 Ra4 16. Qb3 Qa5+ 17. Ke2 Ra3 18. Qb2 Bd3+ 0-1

[Event "Dortmund1"]
[Site "Dortmund"]
[Date "2003.04.04"]
[Round "3"]
[White "Beda, Titus"]
[Black "Naffin, Egbert"]
[Result "0-1"]
[WhiteElo "1281"]
[BlackElo "1117"]
[PlyCount "79"]
[EventDate "2003.03.26"]
[EventType "tourn"]
[EventRounds "13"]
[EventCountry "GER"]
[SourceTitle "EXT 2007"]
[Source "ChessBase"]
[SourceDate "2006.11.23"]
[SourceVersion "1"]
[SourceVersionDate "2006.11.23"]
[SourceQuality "1"]

1. d4 Nf6 2. Bf4 d5 3. e3 a6 4. c4 Nc6 5. Nc3 e6 6. Nf3 Bb4 7. a3 Bxc3+ 8. bxc3 dxc4 9. Bxc4 b5 10. Bd3 Nd5 11. Qc2 Nxf4 12. exf4 f5 13. Qe2 0-0 14. 0-0 Kh8 15. Ne5 Nxe5 16. fxe5 Bb7 17. Bc2 Qg5 18. f4 Qe7 19. Qe3 Rac8 20. Bb3 c5 21. Rfc1 c4 22. Bc2 Rg8 23. Bd1 g5 24. Bf3 Bxf3 25. Qxf3 gxf4 26. Qxf4 Qb7 27. g3 Rg4 28. Qh6 Rcg8 29. Qf6+ R4g7 30. Kf2 Qc8 31. h3 Rf8 32. Qh4 Rfg8 33. Rg1 Rg6 34. Qf4 Qf8 35. Qf3 Qh6 36. g4 fxg4 37. Rxg4 Rf8 38. Rag1 Rxf3+ 39. Kxf3 Rxg4 40. Kxg4 0-1

[Event "Dortmund1+"]
[Site "Dortmund"]
[Date "2003.03.26"]
[Round "1"]
[White "Beda, Titus"]
[Black "Skoecz, Hugo"]
[Result "1-0"]
[WhiteElo "1281"]
[BlackElo "1261"]
[PlyCount "63"]
[EventDate "2003.03.26"]
[EventType "tourn"]
[EventRounds "13"]
[EventCountry "GER"]
[SourceTitle "EXT 2007"]
[Source "ChessBase"]
[SourceDate "2006.11.23"]
[SourceVersion "1"]
[SourceVersionDate "2006.11.23"]
[SourceQuality "1"]

1. d4 d5 2. Bf4 Nc6 3. e3 a6 4. Nf3 Bg4 5. Be2 Bxf3 6. Bxf3 e6 7. h3 Bd6 8. Bxd6 Qxd6 9. Nd2 Nf6 10. 0-0 h5 11. c4 g5 12. c5 Qd7 13. Qb3 g4 14. Be2 gxh3 15. gxh3 e5 16. Kh2 exd4 17. Qxb7 Ra7 18. Qb3 Qe6 19. Nf3 dxe3 20. Qxe3 Qxe3 21. fxe3 Nb4 22. Nd4 a5 23. Rxf6 Rg8 24. a3 Ke7 25. Raf1 Rg7 26. axb4 Ra8 27. Nc6+ Kd7 28. b5 Re8 29. Rxf7+ Rxf7 30. Rxf7+ Kc8 31. b6 cxb6 32. Ba6# 1-0